Verdad, valores, poder: piedras de toque de la sociedad pluralista

Guardat en:
Dades bibliogràfiques
Autor principal: Ratzinger, Joseph, Papa (autor)
Format: Llibre
Idioma:espanyol
Publicat: Madrid Rialp 1995
Edició:1a. ed
Col·lecció:Rialp, 151
Matèries:
Etiquetes: Afegir etiqueta
Sense etiquetes, Sigues el primer a etiquetar aquest registre!

MARC

LEADER 00000cam a2200000 a 4500
001 UCD4973
003 CL-VaPUC
008 160731e19950000sp |||||||||||||||||spa|d
020 |a 8432130842 
082 0 4 |a 261  |b RAT  |2 21 
100 |a Ratzinger, Joseph,   |c Papa  |e autor   |9 494399 
245 1 0 |a Verdad, valores, poder: piedras de toque de la sociedad pluralista 
250 |a 1a. ed 
300 |a 108 p 
942 |c BK 
945 |d 20160731 21:25:00  |a arojas 
260 |a Madrid  |b Rialp  |c 1995 
650 0 |a Verdad  |9 313815 
650 0 |a Valores religiosos  |9 399791 
650 7 |a PODER  |2 CL-VaPUC  |9 588687 
650 7 |a PLURALISMO SOCIAL  |2 CL-VaPUC  |9 377485 
583 |a last modification  |c 20160731 21:25:00  |k Rodrigo Vera 
490 0 |a Rialp, 151 
999 |c 365751  |d 365749 
952 |0 0  |1 0  |3 erb  |4 0  |6 261_000000000000000_RAT_1995  |7 0  |8 A  |9 479701  |a BIBTEO  |b BIBTEO  |e Villagrán Garnham, Jorge  |i 531741K  |l 1  |o 261 RAT 1995  |p 531741K  |r 2025-01-17  |s 2022-08-02  |w 2019-11-24  |y BK  |z Catalogado en:20160731  |k ICR